| 000 | 00976nam a2200265 i 4500 | ||
|---|---|---|---|
| 001 | bg | ||
| 003 | KOSZ 005 | ||
| 005 | 20200624113906.0 | ||
| 008 | 070930s1968 pl a f 001 0 pol | ||
| 015 | _aPB 1969/1333 | ||
| 040 |
_aWA N _cKOSZ 005/RW _dKOSZ 005/RW |
||
| 080 | _a631.6:626.8:691 | ||
| 100 | 1 | _aKryszak, Stefan. | |
| 245 | 1 | 0 |
_aBudowle wodnomelioracyjne z prefabrykatów / _cStefan Kryszak, Armand Żbikowski. |
| 260 |
_aWarszawa : _bPaństwowe Wydawnictwo Rolnicze i Leśne, _c1968. |
||
| 300 |
_a200, [2] s. : _bil. ; _c27 cm. |
||
| 380 | _aKsiążki. | ||
| 504 | _aBibliogr. przy rozdz. Indeks. | ||
| 650 | 4 |
_aMelioracje rolne _xurządzenia. |
|
| 650 | 4 | _aPrefabrykaty | |
| 700 | 1 |
_aŻbikowski, Armand _d(1910-1995) _eAutor |
|
| 710 | 2 |
_aPaństwowe Wydawnictwo Rolnicze i Leśne _4pbl. |
|
| 856 |
_uhttp://koha.tu.koszalin.pl/cgi-bin/koha/opac-detail.pl?biblionumber=11529 _yKatalog online BPK |
||
| 942 |
_2UKD _cKS |
||
| 999 |
_c11529 _d11529 |
||